000 00978nam a22003137a 4500
003 DO-SdBPM
005 20260119085709.0
007 ta
008 171122b2005 sp |00| 0 spa d
020 _a9701048776
040 _aDO-SdBPM
_bspa
_cBPMSU
_erda
_drda
082 4 _a658.562
_bG984c 2005
_222
100 1 _aGutiérrez Pulido,, Humberto
_eautor
_4aut.
245 1 0 _a Calidad total y productividad /
_c Humberto Gutiérrez Pulido.
250 _a2a. ed.
264 _aMéxico :
_b: McGraw-Hill,
_c2005
300 _a421 páginas;
_c24 cm.
336 _atesto
_btxt
_2rdacontent
337 _asin mediación
_bn
_2rdamedia
338 _avolume
_bnc
_2rdacarrier
490 0 _aMcGraw-Hill. Educación
500 _a
590 _aInventariado, 2026/VM
650 7 _a Calidad total
650 7 _aEstadística en control de calidad.
_x
_v
650 7 _aControl de calidad
_xNormas técnicas.
_v
910 _aVMateo V. Control de calidad. BPMSU
942 _2ddc
_cBK
999 _c15606
_d15606